Tribhuvan University Central Library

The constitution of the Kingdom of Norway (Record no. 43648)

MARC details
000 -LEADER
fixed length control field 007340000a22003250004500
082 ## - DEWEY DECIMAL CLASSIFICATION NUMBER
Classification number 342.02481
Item number N83c
-- CA
041 ## - LANGUAGE CODE
Language code of text/sound track or separate title Eng
005 - DATE AND TIME OF LATEST TRANSACTION
control field 20120907085013.0
245 ## - TITLE STATEMENT
Title The constitution of the Kingdom of Norway
260 ## - PUBLICATION, DISTRIBUTION, ETC. (IMPRINT)
Place of publication, distribution, etc Oslo
260 ## - PUBLICATION, DISTRIBUTION, ETC. (IMPRINT)
Date of publication, distribution, etc n.d.
300 ## - PHYSICAL DESCRIPTION
Extent 16p.
518 ## - DATE/TIME AND PLACE OF AN EVENT NOTE
Date/time and place of an event note 2008-02-10
530 ## - ADDITIONAL PHYSICAL FORM AVAILABLE NOTE
Additional physical form available note M
650 ## - SUBJECT ADDED ENTRY--TOPICAL TERM
Topical term or geographic name as entry element Constitutions
650 ## - SUBJECT ADDED ENTRY--TOPICAL TERM
Topical term or geographic name as entry element Political system
650 ## - SUBJECT ADDED ENTRY--TOPICAL TERM
Topical term or geographic name as entry element Monarchy
650 ## - SUBJECT ADDED ENTRY--TOPICAL TERM
Topical term or geographic name as entry element Executive powers
650 ## - SUBJECT ADDED ENTRY--TOPICAL TERM
Topical term or geographic name as entry element Parliamentary practices
650 ## - SUBJECT ADDED ENTRY--TOPICAL TERM
Topical term or geographic name as entry element Government
650 ## - SUBJECT ADDED ENTRY--TOPICAL TERM
Topical term or geographic name as entry element Religion
650 ## - SUBJECT ADDED ENTRY--TOPICAL TERM
Topical term or geographic name as entry element Royal family
650 ## - SUBJECT ADDED ENTRY--TOPICAL TERM
Topical term or geographic name as entry element Kings and rulers
650 ## - SUBJECT ADDED ENTRY--TOPICAL TERM
Topical term or geographic name as entry element Judicial power
650 ## - SUBJECT ADDED ENTRY--TOPICAL TERM
Topical term or geographic name as entry element Civil rights
651 ## - SUBJECT ADDED ENTRY--GEOGRAPHIC NAME
Geographic name Norway
651 ## - SUBJECT ADDED ENTRY--GEOGRAPHIC NAME
Geographic name Oslo
650 ## - SUBJECT ADDED ENTRY--TOPICAL TERM
Topical term or geographic name as entry element The Storting
942 ## - ADDED ENTRY ELEMENTS (KOHA)
Koha item type General Collections
Holdings
Withdrawn status Lost status Source of classification or shelving scheme Damaged status Not for loan Home library Current library Shelving location Date acquired Total Checkouts Full call number Barcode Date last seen Price effective from Koha item type
    Dewey Decimal Classification     Tribhuvan University Central Library Tribhuvan University Central Library New Building 06/20/2010   342.02481 N83c CA G68029 06/20/2010 06/20/2010 General Collections